00876nam a22002177a 4500999001900000005001700019010002600036020002600062035001300088035001400101037001300115082001100128100002400139245006700163260004500230270007500275300002500350942002500375952013700400952012100537 c103173d10317320221216145405.0 aENG-115974 ENG-135892 a9789383278077c750.00 aEN-99506 aEN-119424 bDBAD/PUB a488.24 dKrishna Kumar Singh aBrighten your english writing skills /cby Krishna Kumar Singh aDelhibBook Treee Publishing Housec2015 a1376, Atma Ram Building Behind Indian Bank,Kahmiri GatebDelhie110032 axix,283p.c23cm (Hb) 2ddccENh488.24mKRI 001040708NFICaBL4bBL4d2016-09-08eDBAD/PUBg750.00l9m7o488.24 KRIpEN-99506r2026-03-25 00:00:00s2026-02-05t1v750.00yEN 001040708NFICaRCbRCd2022-12-16eDBAD/PUBg750.00l0o488.24 KRIpEN-119424r2022-12-16 00:00:00t1v750.00yEN